PSYCHIATRIS NURSING (Record no. 1932)

MARC details
000 -LEADER
fixed length control field 00310nam a2200133Ia 4500
008 - FIXED-LENGTH DATA ELEMENTS--GENERAL INFORMATION
fixed length control field 150201s2011 xx 000 0 und d
082 ## - DEWEY DECIMAL CLASSIFICATION NUMBER
Classification number 610.7368
Item number P11S
100 ## - MAIN ENTRY--PERSONAL NAME
Personal name SWARUP , NUPUR
245 ## - TITLE STATEMENT
Title PSYCHIATRIS NURSING
260 ## - PUBLICATION, DISTRIBUTION, ETC. (IMPRINT)
Name of publisher, distributor, etc. AITBS
Place of publication, distribution, etc. DELHI
Date of publication, distribution, etc. 2011
300 ## - PHYSICAL DESCRIPTION
Extent 124
650 ## - SUBJECT ADDED ENTRY--TOPICAL TERM
Topical term or geographic name as entry element PSYCHIATRY
942 ## - ADDED ENTRY ELEMENTS (KOHA)
Source of classification or shelving scheme Dewey Decimal Classification
Koha item type Books
Holdings
Withdrawn status Lost status Source of classification or shelving scheme Damaged status Not for loan Collection code Home library Current library Shelving location Date acquired Source of acquisition Cost, normal purchase price SGTU Bill Number Total Checkouts Full call number Barcode Date last seen Bill Date Koha item type Date last checked out
    Dewey Decimal Classification     NURSING SGT Medical Library SGT Medical Library Text Book 19/04/2012 UBS DELHI 95.00 SGTU 46   610.7368 P11S FN390 09/02/2015 19/04/2012 Books  
    Dewey Decimal Classification     NURSING SGT Medical Library SGT Medical Library Text Book 19/04/2012 UBS DELHI 95.00 SGTU 46 1 610.7368 P11S FN391 09/09/2017 19/04/2012 Books 05/09/2017
    Dewey Decimal Classification     NURSING SGT Medical Library SGT Medical Library Text Book 19/04/2012 UBS DELHI 95.00 SGTU 46   610.7368 P11S FN392 09/02/2015 19/04/2012 Books